<La> Enseñanza de español para fines académicos: la evaluación
Na minha lista:
| Autor principal: | |
|---|---|
| Formato: | Capítulo de Livro |
| Idioma: | espanhol |
| Assuntos: | |
| Tags: |
Sem tags, seja o primeiro a adicionar uma tag!
|
MARC
| LEADER | 00000nla a2200000 4500 | ||
|---|---|---|---|
| 001 | 0223240 | ||
| 005 | 20240502073643.3 | ||
| 041 | 0 | |a spa | |
| 044 | |a SK | ||
| 245 | 1 | 0 | |a <La> Enseñanza de español para fines académicos: la evaluación |c Mónica Sánchez Presa |
| 610 | 2 | 0 | |a jazyky cudzie |
| 610 | 2 | 0 | |a španielčina |
| 610 | 2 | 0 | |a vzdelávanie |
| 610 | 2 | 0 | |a hodnotenie práce |
| 100 | 1 | |a Sánchez Presa, Mónica | |